000
00241nam a2200097Ia 4500
001
692010
005
20250826161846.0
008
250824s9999 xx 000 0 und d
245
0
_a
HALİME KAPTAN
_c
RIFAT ILGAZ
260
_b
TÜRKİYE İŞ BANKASI
999
_c
692010
_d
692010